00466nam a2200169Ia 4500003000400000005001700004008004100021020001800062040000900080082002600089100002700115245007300142250001200215260004800227300000900275650001200284OSt20200131113110.0190216s9999||||xx |||||||||||||| ||und|| a9780198075967 coclc a305.5122095414bBAN/C aBandyopadhyay, Sekhar  0aCast, Protest And Identity In Colonial India /cSekhar Bandyopadhyay a2nd ed. bOxford University Press,c2011.aNew Delhi: a363p aHistory